000 00641nam a2200217Ia 4500
005 20260415165600.0
008 260406s9999 xx 000 0 und d
022 _a3006-2691
041 _aeng
245 0 _acMat
264 1 _aUnited States:
_bWiley,
_c2024.
336 _2rdacontent
_atext
_btxt
337 _2rdamedia
_acomputer
_bc
338 _2rdacarrier
_aonline resource
_bcr
540 _fCC BY
653 _aMetallurgy
710 2 _aThe Directory of Open Access Journals
856 _uhttps://doaj.org/toc/f551f15176334025b6e9a17854ebfec5
856 _uhttps://onlinelibrary.wiley.com/journal/30062691
942 _cE-JOURNAL
999 _c100080
_d100077